000 00659nam a2200193Ia 4500
003 GCL
008 140319s9999 xx 000 0 ara d
040 _aGCL /
_cGCL
082 0 4 _a739.7
_bم ا
100 1 _aمركز الملك فيصل للبحوث
245 1 0 _aالاسلحة الاسلامية السيوف والدروع /
_cمركز الملك فيصل للبحوث
260 _aالرياض :
_bمركز الملك فيصل
300 _a111ص ؛
_c30سم
650 0 4 _aالزخرفة الاسلامية
650 0 4 _aالسيوف - زخرفة
650 0 4 _aالدروع - زخرفة
650 0 4 _aالخناجر - زخرفة
942 _2ddc
_cBK
999 _c9677
_d9677